Estadísticas para Países del mundo en 1914 con un mapa

Haz click aquí para intentar la prueba.

Estadísticas generales

  • Esta prueba ha sido intentada 954 veces
  • La puntuación promedio es 52 de 59

Respuestas en el mapa

Las respuestas están codificadas por una escala verde-roja en el mapa de la prueba según el % correcto abajo.
 

Estadísticas de respuestas

Country% Correcto
España
98%
Francia
98%
Rusia
97%
China
96%
Estados Unidos
96%
Italia
96%
Reino Unido
96%
Alemania
95%
Brasil
95%
Canadá
95%
México
95%
Portugal
95%
Argentina
94%
Bolivia
94%
Australia
93%
Bélgica
93%
Chile
93%
Japón
93%
Perú
93%
Colombia
92%
Dinamarca
92%
Noruega
92%
Paraguay
92%
Sudáfrica
92%
Suecia
92%
Uruguay
92%
Venezuela
92%
Cuba
91%
Ecuador
91%
Grecia
90%
Persia
89%
Panamá
88%
Guatemala
87%
Holanda
87%
Honduras
87%
Haití
86%
Nepal
86%
Nicaragua
86%
Suiza
86%
Costa Rica
85%
Etiopía
85%
Nueva Zelanda
85%
República Dominicana
85%
Siam
85%
Andorra
84%
Bulgaria
84%
El Salvador
84%
Rumanía
84%
Serbia
84%
Albania
83%
Mónaco
82%
San Marino
82%
Imperio Otomano
81%
Luxemburgo
81%
Liberia
78%
Austria-Hungría
77%
Liechtenstein
76%
Montenegro
73%
Terranova
46%

Distribución de puntuación

Porcentaje por número respondido

Porcentaje de gente con cada puntuación

Historial de tus puntuaciones

No has intentado esta prueba.